|
|
|
|
| LEADER |
00000nab a2200000 a 4500 |
| 001 |
vtls000922162 |
| 003 |
SK-MaSNL |
| 005 |
20260303034551.0 |
| 008 |
040720e19950329xo 0 slo |
| 035 |
|
|
|a KE31039
|
| 040 |
|
|
|a KEVKJB
|b slo
|c KEVKJB
|e AACR2
|
| 041 |
0 |
|
|a slo
|
| 044 |
|
|
|a xo
|c SK
|
| 080 |
|
|
|a 796.966
|2 1981
|
| 100 |
1 |
|
|a Selvek, Ján
|4 aut
|9 886149
|
| 245 |
1 |
0 |
|a Silní si ľad nevyberajú
|b Slovo má tréner : v košickej kronike dva razy zlatom zapísaný Ján Selvek
|
| 590 |
|
|
|a Selvek, Ján
|
| 600 |
1 |
7 |
|a Selvek, Ján,
|d 1941-
|2 KEVKJB
|9 855935
|
| 610 |
2 |
7 |
|a HC Košice
|2 KEVKJB
|9 29558
|
| 650 |
0 |
7 |
|a ľadový hokej
|2 KEVKJB
|9 3231
|
| 650 |
0 |
7 |
|a extraliga
|2 KEVKJB
|9 18992
|
| 650 |
0 |
7 |
|a sezóna 1994/1995
|2 KEVKJB
|9 888264
|
| 650 |
0 |
7 |
|a prípravy športové
|2 KEVKJB
|9 1016564
|
| 650 |
0 |
7 |
|a perspektívy
|2 KEVKJB
|9 290252
|
| 650 |
0 |
7 |
|a rozhovory
|2 KEVKJB
|9 453585
|
| 651 |
|
7 |
|a Košice (Slovensko)
|2 KEVKJB
|9 18694
|
| 651 |
|
7 |
|a KE,
|2 KEVKJB
|9 877256
|
| 655 |
|
7 |
|a periodikum
|2 snkbucl
|9 29553
|
| 710 |
2 |
|
|a HC Košice
|4 aut
|9 29558
|
| 773 |
0 |
8 |
|t Šport
|g Roč. 49
|g Roč. 20, č.74, 29.3.1995, s. 19
|
| 852 |
|
|
|a ZVYKNI
|b KIS3GCP
|
| 999 |
|
|
|c 1674021
|d 1675951
|